Statistics for Random India's State Capitals to State

Click here to take the quiz!

General Stats

  • This quiz has been taken 100 times
  • The average score is 6 of 10

Answer Stats

Capital CityState% Correct
ChennaiTamil Nadu
92%
BengaluruKarnataka
82%
AgartalaTripura
80%
DispurAssam
78%
HyderabadTelangana
78%
GandhinagarGujarat
75%
RanchiJharkhand
75%
KolkataWest Bengal
73%
PanajiGoa
67%
ShimlaHimachal Pradesh
67%
ImphalManipur
67%
ChandigarhPunjab
67%
JaipurRajasthan
64%
KohimaNagaland
63%
LucknowUttar Pradesh
62%
ItanagarArunachal Pradesh
58%
RaipurChhattisgarh
58%
ThiruvananthapuramKerala
57%
ShillongMeghalaya
57%
Dehra DunUttarakhand
57%
BhubaneshwarOdisha
55%
BhopalMadhya Pradesh
53%
ChandigarhHaryana
50%
SrinagarJammu and Kashmir
44%
GangtokSikkim
43%
HyderabadAndhra Pradesh
40%
PatnaBihar
25%
AizawlMizoram
20%
MumbaiMaharastra
14%

Score Distribution

Percentile by Number Answered

Percent of People with Each Score

Your Score History

You have not taken this quiz